Fluid mechanics through worked out problems (Record no. 2538)

000 -LEADER
fixed length control field 00578nam a22002177a 4500
001 - CONTROL NUMBER
control field 2538
003 - CONTROL NUMBER IDENTIFIER
control field BD-DhUET
008 - FIXED-LENGTH DATA ELEMENTS--GENERAL INFORMATION
fixed length control field 140924b xxu||||| |||| 00| 0 eng d
020 ## - INTERNATIONAL STANDARD BOOK NUMBER
International Standard Book Number 9843109230
040 ## - CATALOGING SOURCE
Transcribing agency 0
Modifying agency BD-DhUET
082 ## - DEWEY DECIMAL CLASSIFICATION NUMBER
Classification number 532
Item number QUA/2006
100 ## - MAIN ENTRY--PERSONAL NAME
Personal name Quamrul Islam , Md.
245 ## - TITLE STATEMENT
Title Fluid mechanics through worked out problems
250 ## - EDITION STATEMENT
Edition statement 1st ed.
260 ## - PUBLICATION, DISTRIBUTION, ETC. (IMPRINT)
Place of publication, distribution, etc. Gazipur
Name of publisher, distributor, etc. Islamic University of Technology
Date of publication, distribution, etc. 2006
300 ## - PHYSICAL DESCRIPTION
Extent xii,777 p.
504 ## - BIBLIOGRAPHY, ETC. NOTE
Bibliography, etc Includes bibliographies
650 #0 - SUBJECT ADDED ENTRY--TOPICAL TERM
Topical term or geographic name as entry element Fluid mechanics
700 ## - ADDED ENTRY--PERSONAL NAME
Personal name Mondal , Amalesh Chandra
942 ## - ADDED ENTRY ELEMENTS (KOHA)
Koha item type General Book
Holdings
Date acquired Koha out on loan Not for loan Koha item type Location (home branch) Koha renewals Koha date last borrowed Withdrawn status Piece designation (barcode) Price effective from Copy number Koha full call number Koha normalized classification for sorting Koha issues (times borrowed) Damaged status Sublocation or collection (holding branch) Source of classification or shelving scheme Shelving location Koha date last seen Lost status
2014-09-242024-09-14 General BookCentral Library, BUET 2024-08-31 1027492014-09-241532/QUA/2006532QUA20069 Central Library, BUET Circulation section2024-08-31 
2014-09-24  General BookCentral Library, BUET 2025-08-10 1027502014-09-242532/QUA/2006532_000000000000000_QUA_200616 Central Library, BUET Circulation section2025-11-09 
2014-09-24  General BookCentral Library, BUET12026-03-30 1027512014-09-243532/QUA/2006532_000000000000000_QUA_200615 Central Library, BUET Circulation section2026-04-12 
2015-08-172025-07-14 General BookCentral Library, BUET 2025-06-30 1027482015-08-174532/QUA/2006532_000000000000000_QUA_200624 Central Library, BUET Circulation section2025-06-30 
2006-11-062023-12-16 General BookCentral Library, BUET 2023-12-02 1027522018-04-215532/QUA/2006532_000000000000000_QUA_200610 Central Library, BUET Circulation section2023-12-02